ABCdaire - Statistiques

Statistiques générales
  • Ce quiz a été pris 31 fois
    23 depuis la dernière actualisation
  • Le résultat moyen est 14 sur 26
Statistiques - réponses
Lettre Prénom % Correct
B N.A.
100%
G N.A.
100%
H N.A.
100%
L N.A.
100%
N N.A.
100%
P N.A.
100%
Q N.A.
100%
R N.A.
100%
T N.A.
100%
U N.A.
100%
V N.A.
100%
W N.A.
100%
X N.A.
100%
J Jean / Jenna
19%
A Adam
10%
C Carlo / Céline
10%
D Dodi
10%
E Emeric
10%
F Ferdinand
10%
K Khalid
10%
O Omar
10%
S Sony
10%
Y Yasmine
10%
Z Zied
10%
I Iuliia
5%
M Maxence
5%
Aucun quiz correspondant
Distribution des résultats
% des personnes avec chaque résultat
Percentile par nombre de réponses
Votre historique - résultats
Vous n’avez pas pris ce quiz depuis la dernière actualisation